Statistics for Counties of Hangzhou

Click here to take the quiz!

General Stats

  • This quiz has been taken 12 times
  • The average score is 12 of 13

Answers on the Map

Answers color-coded by a green-red scale on the quiz's map according to % correct below.
 

Answer Stats

PopulationCounty% Correct
329kChun'an
100%
832kFuyang
100%
443kJiande
100%
504kBinjiang
91%
635kLin'an
91%
1.18 mLinping
91%
769kQiantang
91%
453kTonglu
91%
2.01 mXiaoshan
91%
1.11 mXihu
91%
1.23 mYuhang
91%
1.12 mGongshu
82%
1.32 mShangcheng
82%

Score Distribution

Percentile by Number Answered

Percent of People with Each Score

Your Score History

You have not taken this quiz